Big Countries Bordering Small Countries - Statistics

General Stats
  • This quiz has been taken 131,078 times
    123,778 since last reset
  • The average score is 22 of 28
Answer Stats
Country % Correct
France
94%
Russia
94%
Italy
93%
China
91%
Spain
91%
Germany
90%
Vatican City
90%
Andorra
87%
San Marino
87%
Monaco
86%
Luxembourg
85%
Estonia
81%
Latvia
80%
Lithuania
79%
Liechtenstein
78%
Switzerland
76%
Austria
74%
North Korea
73%
Bhutan
72%
Georgia
72%
Azerbaijan
67%
Saudi Arabia
66%
Indonesia
62%
Qatar
61%
D.R. Congo
59%
Kuwait
59%
East Timor
57%
Rwanda
51%
No matching quizzes found
Score Distribution
Percent of People with Each Score
Percentile by Number Answered
Your Score History
You have not taken this quiz since the last reset